Statistics for All Auckland Suburbs on a Map

Click here to take the quiz!

General Stats

  • This quiz has been taken 1,114 times
  • The average score is 86 of 202

Answers on the Map

Answers color-coded by a green-red scale on the quiz's map according to % correct below.
 

Answer Stats

Suburbs% Correct
Auckland CBD
89%
Mount Eden
77%
Papakura
74%
Takapuna
74%
Māngere
73%
Onehunga
73%
Albany
72%
Devonport
72%
Manukau
72%
Mission Bay
72%
Mount Albert
71%
Newmarket
71%
Remuera
71%
Ponsonby
70%
Epsom
69%
Henderson
68%
Mount Wellington
68%
Papatoetoe
68%
Howick
67%
Mount Roskill
67%
Parnell
67%
Avondale
66%
Ōtāhuhu
66%
Glen Innes
65%
New Lynn
64%
Ellerslie
63%
Pakuranga
63%
St. Heliers
63%
Grey Lynn
62%
Manurewa
62%
Panmure
62%
Birkenhead
61%
Greenlane
61%
Ōrākei
61%
Ōtara
61%
East Tāmaki
60%
Blockhouse Bay
59%
Glenfield
59%
Northcote
59%
Flat Bush
58%
Penrose
58%
Point Chevalier
57%
Silverdale
57%
Airport Oaks / Ihumātao
56%
Browns Bay
56%
Glen Eden
56%
Hobsonville
56%
Ōrewa
56%
Bucklands Beach
55%
Beachlands
54%
Māngere Bridge
54%
Glendowie
53%
Long Bay
53%
One Tree Hill
53%
St. Johns
53%
Takaanini
53%
Grafton
52%
Herne Bay
52%
Kingsland
52%
Massey
52%
Meadowbank
52%
Titirangi
52%
Hillsborough
51%
Kohimarama
51%
Botany Downs
50%
Newton - Eden Terrace
50%
Sandringham
50%
Drury
49%
Milford
49%
Torbay
49%
Half Moon Bay
48%
Swanson
48%
Te Atatū Peninsula
48%
Western Springs
47%
Beach Haven
46%
Morningside
46%
Rosedale
46%
Royal Oak
46%
Sylvia Park
46%
Tāmaki
46%
Te Atatū South
46%
Green Bay
45%
Greenhithe
45%
Lynfield
45%
Point England
45%
Three Kings
45%
Oneroa
44%
Whangaparāoa
44%
Whenuapai
44%
Mairangi Bay
43%
Rānui
43%
Sunnynook
43%
Balmoral
42%
Birkdale
42%
Kelston
42%
Westgate
42%
Red Beach
41%
St. Marys Bay
41%
Westmere
41%
Bayswater
40%
Freemans Bay
40%
Maraetai
40%
Middlemore
40%
Waterview
40%
Glendene
39%
Hobsonville Point
39%
West Harbour
39%
Wiri
39%
Belmont
38%
Castor Bay
38%
Cockle Bay
38%
Favona
38%
Onetangi
38%
Stonefields
38%
Wairau Valley
38%
Eastern Beach
37%
Manly
37%
Northcote Point
37%
Sunnyvale
37%
Cheltenham
36%
Gulf Harbour
36%
Hauraki
36%
Narrow Neck
36%
Te Papapa
36%
Arch Hill
35%
Forrest Hill
35%
Murrays Bay
35%
Pakuranga Heights
35%
Stanley Bay
35%
Campbells Bay
34%
Clendon Park
34%
New Windsor
34%
Waikōwhai
34%
Army Bay
33%
Dannemora
33%
Farm Cove
33%
Lincoln
33%
Ōranga
33%
Surfdale
33%
Chatswood
32%
Homai
32%
Stanmore Bay
31%
Weymouth
31%
Bayview
30%
Mellons Bay
30%
Millwater
30%
Puhinui
30%
Rothesay Bay
30%
Sunnyhills
30%
Unsworth Heights
30%
Clover Park
29%
Highland Park
29%
Hillcrest
29%
Laingholm
29%
Rosehill
29%
Schnapper Rock
29%
Westlake
29%
Burswood
28%
Golflands
28%
Ostend
28%
Ōteha
28%
Ōwairaka
28%
Palm Beach
28%
Westfield
28%
Red Hill
27%
Wattle Downs
27%
Wesley
27%
Western Heights
27%
Northpark
26%
Pine Harbour
26%
The Gardens
26%
Tōtara Vale
26%
Wai o Taiki Bay
26%
Conifer Grove
25%
East Tāmaki Heights
25%
Northcross
25%
Pinehill
25%
Windsor Park
25%
Alfriston
24%
Hatfields Beach
24%
Mission Heights
24%
Shelly Park
24%
Somerville
24%
Waima-
Woodlands Park
24%
Randwick Park
23%
Tindalls-Matakatia
23%
Waiake
23%
Fairview Heights
22%
Greenmount
22%
Kaurilands
22%
Royal Heights
22%
Tōtara Heights
22%
Hillpark
21%
Karaka Lakes
21%
Pahurehure
20%
Shamrock Park
19%
Goodwood Heights
18%
Kōnini
18%
Ōpaheke
18%
Longford Park
17%
McLaren Park
17%
Hingaia
13%

Score Distribution

Percentile by Number Answered

Percent of People with Each Score

Your Score History

You have not taken this quiz